10 Most Populous US States by Any Census Quiz Stats

 Plays Quiz Updated Aug 17, 2017

Score 0/22 Timer 08:00
5 Plays Today
% Correct
California
97%
New York
96.3%
Florida
93.7%
Texas
92.3%
Massachusetts
90.7%
Pennsylvania
90.7%
New Jersey
87.9%
Illinois
87.5%
Michigan
86.2%
Georgia
84.7%
North Carolina
82.9%
% Correct
Virginia
82.6%
Ohio
81%
Maryland
78%
Connecticut
70.6%
South Carolina
67.9%
Tennessee
61.5%
Indiana
54.3%
Missouri
51%
New Hampshire
42.4%
Kentucky
41.1%
Iowa
12.5%

You're not logged in!

Compare scores with friends on all Sporcle quizzes.
OR
Log In

You Might Also Like...

Show Comments

Extras

Top Quizzes Today


Score Distribution

Your Account Isn't Verified!

In order to create a playlist on Sporcle, you need to verify the email address you used during registration. Go to your Sporcle Settings to finish the process.

Report this User

Report this user for behavior that violates our Community Guidelines.

Details: